000 00362 a2200145 4500
001 169216
020 _a
040 _cMagnum
100 _aLima, Leonardo Pereira
240 1 0 _aPratica de psicologia moderna - v.4 - nossa mental
_lpor
245 1 0 _aPratica de psicologia moderna - v.4 - nossa mental
362 0 _a1899
697 _aPSICOLOGIA
942 _cBK
999 _c169216
_d169216